Normal view MARC view
  • Areeha Javaid (362086)

Entry Personal Name

Number of records used in: 1

001 - CONTROL NUMBER

  • control field: 119466

003 - CONTROL NUMBER IDENTIFIER

  • control field: NUST

005 - DATE AND TIME OF LATEST TRANSACTION

  • control field: 20231205123618.0

008 - FIXED-LENGTH DATA ELEMENTS

  • fixed length control field: 231205|| aca||aabn | a|a d

040 ## - CATALOGING SOURCE

  • Original cataloging agency: NUST
  • Transcribing agency: NUST

100 ## - HEADING--PERSONAL NAME

  • Personal name: Areeha Javaid (362086)

670 ## - SOURCE DATA FOUND

  • Source citation: Work cat.: (NUST): Areeha Javaid (362086) , Indoor Smart Cultivation Monitoring System (SCMS) while Measuring Energy Consumption /
© 2023 Central Library, National University of Sciences and Technology. All Rights Reserved.